00606nam a2200181 i 4500001000700000003000900007005001700016007000300033008004100036100002900077245011700106260006100223300003300284600003700317610001500354651003300369852002200402117143ES-MaACL20251012192033.0t|070301s1959 sp f |||| |bspa d1 aPastor Beltrán, Angel.14aLos escolapios y los sitios de Zaragoza b: biografía del Padre Boggiero / cpor el P. Angel Pastor Beltrán. aZaragoza : b[s.n.], c1959 (fImp. Heraldo de Aragón) a258 p., 10 láms ; c21 cm.17aBoggiero, Basilio, d1752-1809224aEscolapios 4aZaragoza-xHistoria-yS.XIX. aES-MaACLjC-19594